| 000 | 00395nam a22001337a 4500 | ||
|---|---|---|---|
| 082 |
_a621.384. _bKIV. _cL-11, P-49. |
||
| 100 |
_aKiver, Milton. S. _941682 |
||
| 245 |
_aUHF Radio Simplified _cKiver, Milton. S. |
||
| 260 |
_aNew York. _bD. Van Nostrand Co. _cc1945. |
||
| 300 |
_aiii, 238 p. : _bill. _c16 cm |
||
| 526 |
_a0 _b0 _c0 _d621_384000000000000__KIV |
||
| 650 |
_aMCE _9379 |
||
| 942 |
_2ddc _cBK |
||
| 999 |
_c545724 _d545724 |
||